ՄԱՅՐ ԱԹՈՌ ՍՈՒՐԲ ԷՋՄԻԱԾԻՆ

«ՎԱՉԵ ԵՎ ԹԱՄԱՐ ՄԱՆՈՒԿՅԱՆ» ՄԱՏԵՆԱԴԱՐԱՆ

Երկերի ժողովածու : (Record no. 46592)

MARC details
000 -LEADER
fixed length control field 00823nam a22002297a 4500
003 - CONTROL NUMBER IDENTIFIER
control field SEM
005 - DATE AND TIME OF LATEST TRANSACTION
control field 20260623113100.0
008 - FIXED-LENGTH DATA ELEMENTS--GENERAL INFORMATION
fixed length control field 260619m19841984ai ||||gr||||||01|||arm|d
040 ## - CATALOGING SOURCE
Original cataloging agency SEM
Transcribing agency SEM
041 ## - LANGUAGE CODE
Language code of text/sound track or separate title arm
080 ## - UNIVERSAL DECIMAL CLASSIFICATION NUMBER
Universal Decimal Classification number 891.981-1/Ս-15
100 ## - MAIN ENTRY--PERSONAL NAME
Personal name Սահյան, Համո
245 ## - TITLE STATEMENT
Title Երկերի ժողովածու :
Remainder of title 2 հատորով /
Statement of responsibility, etc. Հ. Սահյան ; Խմբ.՝ Ս. Սահակյան
260 ## - PUBLICATION, DISTRIBUTION, ETC.
Place of publication, distribution, etc. Երևան :
Name of publisher, distributor, etc. Սովետ. գրող,
Date of publication, distribution, etc. 1984.
300 ## - PHYSICAL DESCRIPTION
Extent Հ. ;
Other physical details նկ. ;
Dimensions 17 սմ
505 ## - FORMATTED CONTENTS NOTE
Formatted contents note Հ. 1 -
Title Բանաստեղծություններ,
Miscellaneous information 1984.- 390 էջ<br/>
505 ## - FORMATTED CONTENTS NOTE
Formatted contents note Հ. 2 -
Title Բանաստեղծություններ,
Miscellaneous information 1984.- 439 էջ<br/>
650 ## - SUBJECT ADDED ENTRY--TOPICAL TERM
Topical term or geographic name entry element Հայ գրականություն
General subdivision պոեզիա
653 ## - INDEX TERM--UNCONTROLLED
Uncontrolled term ՍԷՄ
700 ## - ADDED ENTRY--PERSONAL NAME
Personal name Սահակյան, Ս.
Relator term խմբ.
Relationship edt.
942 ## - ADDED ENTRY ELEMENTS (KOHA)
Source of classification or shelving scheme Universal Decimal Classification
Koha item type Գրքեր/Books
Holdings
Withdrawn status Lost status Source of classification or shelving scheme Damaged status Not for loan Collection code Home library Current library Date acquired Cost, normal purchase price Serial Enumeration / chronology Inventory number Total Checkouts Full call number Barcode Date last seen Price effective from Koha item type Public note
    Universal Decimal Classification     Գրապահոց Մայր Աթոռ Սուրբ Էջմիածին «Վաչե և Թամար Մանուկյան» Մատենադարան Մայր Աթոռ Սուրբ Էջմիածին «Վաչե և Թամար Մանուկյան» Մատենադարան 19/06/2026 1000.00 Հ. 1 4342   891.981-1/Ս-15 4342 16/11/2014 16/11/2014 Գրքեր/Books Սպասարկվում է ընթերցասրահ
    Universal Decimal Classification     Գրապահոց Մայր Աթոռ Սուրբ Էջմիածին «Վաչե և Թամար Մանուկյան» Մատենադարան Մայր Աթոռ Սուրբ Էջմիածին «Վաչե և Թամար Մանուկյան» Մատենադարան 19/06/2026 1100.00 Հ. 2 4414   891.981-1/Ս-15 4414 16/11/2014 16/11/2014 Գրքեր/Books Սպասարկվում է ընթերցասրահ
    Universal Decimal Classification     Գրապահոց Մայր Աթոռ Սուրբ Էջմիածին «Վաչե և Թամար Մանուկյան» Մատենադարան Մայր Աթոռ Սուրբ Էջմիածին «Վաչե և Թամար Մանուկյան» Մատենադարան 19/06/2026 1000.00 Հ. 1 37526   891.981-1/Ս-15 37526 16/11/2014 16/11/2014 Գրքեր/Books Սպասարկվում է 30 օր
    Universal Decimal Classification     Գրապահոց Մայր Աթոռ Սուրբ Էջմիածին «Վաչե և Թամար Մանուկյան» Մատենադարան Մայր Աթոռ Սուրբ Էջմիածին «Վաչե և Թամար Մանուկյան» Մատենադարան 19/06/2026 1000.00 Հ. 2 37527   891.981-1/Ս-15 37527 16/11/2014 16/11/2014 Գրքեր/Books Սպասարկվում է 30 օր